000 00895nam a22003017a 4500
001 5092
003 FISKH
005 20241106082729.0
008 241106b cb ||||| |||| 00| 0 eng d
020 _a9780756642495
040 _aFISKH
_beng
_cFISKH
_dFISKH
050 _aJF1051.S76
082 _a324.6
100 _aSteele, Philp
245 _aVote /
_cby Philip Steele
250 _aThis paperback edition published in 2008
260 _aLondon :
_bDK Publishing ;
_c2008.
300 _a72 pages :
_bcolor illustrations , with CD ;
_c29 cm .
490 _aEyewitness Books
505 _aZ
520 _aPresents the history of the election process from Roman times to the present day.
521 8 _a1110
_bLexile
521 8 _aZ
_bRaz-Plus
650 _agovernment
_vnon-fiction
700 _aMiller, David
_econsultant
942 _2ddc
_cBK
_n0
999 _c5092
_d5092